Historical atlas of the United States : (Record no. 107793)
[ view plain ]
| 000 -LEADER | |
|---|---|
| campo de control de longitud fija | 01323cam a2200337M 4500 |
| 001 - NÚMERO DE CONTROL | |
| campo de control | 97106 |
| 005 - FECHA Y HORA DE LA ÚLTIMA TRANSACCIÓN | |
| campo de control | 20230411085822.0 |
| 008 - DATOS DE LONGITUD FIJA--INFORMACIÓN GENERAL | |
| campo de control de longitud fija | 091207s2007 cau 000 u eng d |
| 035 ## - NÚMERO DE CONTROL DEL SISTEMA | |
| Número de control de sistema | (OCoLC)ocm84150562 |
| 040 ## - FUENTE DE CATALOGACIÓN | |
| Centro catalogador/agencia de origen | UKM |
| Centro/agencia transcriptor | UKM |
| Centro/agencia modificador | YDXCP |
| -- | BAKER |
| -- | BTCTA |
| -- | OCLCG |
| -- | AU@ |
| -- | HEBIS |
| -- | BGTON |
| 015 ## - NÚMERO DE BIBLIOGRAFÍA NACIONAL | |
| Número de bibliografía nacional | GBA710942 |
| Fuente | bnb |
| 016 7# - NÚMERO DE CONTROL DE UNA AGENCIA BIBLIOGRÁFICA NACIONAL | |
| Número de control del registro | 013660187 |
| Fuente | Uk |
| 020 ## - NÚMERO INTERNACIONAL ESTÁNDAR DEL LIBRO | |
| Número Internacional Estándar del Libro | 9780520250369 |
| 020 ## - NÚMERO INTERNACIONAL ESTÁNDAR DEL LIBRO | |
| Número Internacional Estándar del Libro | 0520250362 |
| 035 ## - NÚMERO DE CONTROL DEL SISTEMA | |
| Número de control de sistema | (OCoLC)84150562 |
| 042 ## - CÓDIGO DE AUTENTICACIÓN | |
| Código de autenticación | ukblsr |
| 050 14 - SIGNATURA TOPOGRÁFICA DE LA BIBLIOTECA DEL CONGRESO | |
| Número de clasificación | R G 1201 |
| Número de ítem | H417h 2007 |
| 082 00 - NÚMERO DE LA CLASIFICACIÓN DECIMAL DEWEY | |
| Número de clasificación | 911.73 |
| 049 ## - FONDOS LOCALES (OCLC) | |
| Biblioteca depositaria | GRAL |
| 100 1# - ENTRADA PRINCIPAL--NOMBRE DE PERSONA | |
| Nombre de persona | Hayes, Derek, |
| Fechas asociadas al nombre | 1947- |
| 245 10 - MENCIÓN DEL TÍTULO | |
| Título | Historical atlas of the United States : |
| Resto del título | with original maps / |
| Mención de responsabilidad, etc. | Derek Hayes. |
| 260 ## - PUBLICACIÓN, DISTRIBUCIÓN, ETC. | |
| Lugar de publicación, distribución, etc. | Berkeley ; |
| -- | London : |
| Nombre del editor, distribuidor, etc. | University of California Press, |
| Fecha de publicación, distribución, etc. | c2007. |
| 300 ## - DESCRIPCIÓN FÍSICA | |
| Extensión | 280 p. : |
| Otras características físicas | ill. (chiefly col.), maps (chiefly col.), ports. ; |
| Dimensiones | 26 cm. |
| 500 ## - NOTA GENERAL | |
| Nota general | Originally published: Vancouver : Douglas & McIntyre, 2006. |
| 504 ## - NOTA DE BIBLIOGRAFÍA, ETC. | |
| Nota de bibliografía, etc. | Includes bibliographical references and index. |
| 520 ## - RESUMEN, ETC. | |
| Sumario, etc. | Explores the U.S.'s past from a geographical perspective, presenting more than five hundred historical maps from collections around the world and discussing important events and cultural changes. |
| 650 #0 - PUNTO DE ACCESO ADICIONAL DE MATERIA--TÉRMINO DE MATERIA | |
| Término de materia o nombre geográfico como elemento de entrada | Cartography |
| Subdivisión geográfica | United States |
| Subdivisión general | History. |
| 651 #0 - PUNTO DE ACCESO ADICIONAL DE MATERIA--NOMBRE GEOGRÁFICO | |
| Nombre geográfico | United States |
| Subdivisión general | Historical geography |
| Subdivisión de forma | Maps. |
| 942 ## - ELEMENTOS DE ENTRADA SECUNDARIOS (KOHA) | |
| Fuente del sistema de clasificación o colocación | Clasificación de Library of Congress |
| Tipo de ítem Koha | |
| 994 ## - | |
| -- | C0 |
| -- | DRFGD |
| Estatus retirado | Estado de pérdida | Fuente del sistema de clasificación o colocación | Estado de daño | No para préstamo | Colección | Biblioteca de origen | Biblioteca actual | Ubicación en estantería | Fecha de adquisición | Signatura topográfica completa | Código de barras | Visto por última vez | Copia número | Tipo de ítem Koha |
|---|---|---|---|---|---|---|---|---|---|---|---|---|---|---|
| Clasificación de Library of Congress | Referencia | Biblioteca Juan Bosch | Biblioteca Juan Bosch | Referencia (1er. Piso) | 11/04/2023 | R G 1201 H417h 2007 | 00000089166 | 17/02/2019 | 1 |
